[Event "DVM U12w 2024"]
[Site "Bad Homburg GER"]
[Date "2024.12.30"]
[Round "7"]
[White "Frenzel, Qorianka"]
[Black "Huang, Jasmin Shuya"]
[Result "0-1"]
[Termination "normal"]
[Board "4.1"]
[WhiteElo "1568"]
[BlackElo "1523"]
[WhiteClock "00:46:37"]
[BlackClock "00:50:18"]
[WhiteTeam "SG Porz"]
[BlackTeam "SV Empor Erfurt"]
[PlyCount "98"]
[WhiteFideId "276294"]
[BlackFideId "533015694"]
[EventCountry "GER"]
[EventRounds "7"]
[EventType "team-swiss"]
[EventDate "2024.12.26"]

1. e4 {[%clk 01:30:54]} {[%emt 00:00:04]} c5 {[%clk 01:30:57]} {[%emt
00:00:04]} 2. Nf3 {[%clk 01:31:20]} {[%emt 00:00:04]} e6 {[%clk 01:31:24]}
{[%emt 00:00:04]} 3. d4 {[%clk 01:31:46]} {[%emt 00:00:04]} cxd4 {[%clk
01:31:50]} {[%emt 00:00:04]} 4. Nxd4 {[%clk 01:32:10]} {[%emt 00:00:05]} Nc6
{[%clk 01:32:17]} {[%emt 00:00:03]} 5. Nc3 {[%clk 01:32:33]} {[%emt 00:00:07]}
a6 {[%clk 01:32:33]} {[%emt 00:00:15]} 6. Nxc6 {[%clk 01:32:45]} {[%emt
00:00:17]} bxc6 {[%clk 01:32:49]} {[%emt 00:00:14]} 7. Bd3 {[%clk 01:32:53]}
{[%emt 00:00:22]} Qc7 {[%clk 01:27:40]} {[%emt 00:05:39]} 8. a3 {[%clk
01:31:08]} {[%emt 00:02:15]} Nf6 {[%clk 01:25:54]} {[%emt 00:02:17]} 9. O-O
{[%clk 01:30:06]} {[%emt 00:01:31]} Be7 {[%clk 01:22:21]} {[%emt 00:04:03]} 10.
Re1 {[%clk 01:29:08]} {[%emt 00:01:27]} d5 {[%clk 01:22:13]} {[%emt 00:00:38]}
11. e5 {[%clk 01:28:13]} {[%emt 00:01:26]} Nd7 {[%clk 01:21:24]} {[%emt
00:01:19]} 12. Qg4 {[%clk 01:27:44]} {[%emt 00:00:59]} Bf8 {[%clk 01:20:38]}
{[%emt 00:01:16]} 13. f4 {[%clk 01:25:23]} {[%emt 00:02:51]} g6 {[%clk
01:19:38]} {[%emt 00:01:31]} 14. Kh1 {[%clk 01:23:04]} {[%emt 00:02:48]} Bg7
{[%clk 01:16:26]} {[%emt 00:03:43]} 15. Qg3 {[%clk 01:17:15]} {[%emt 00:06:19]}
Bb7 {[%clk 01:12:55]} {[%emt 00:04:00]} 16. Rb1 {[%clk 01:14:16]} {[%emt
00:03:29]} c5 {[%clk 01:11:09]} {[%emt 00:02:17]} 17. b3 {[%clk 01:11:32]}
{[%emt 00:03:14]} O-O {[%clk 01:09:18]} {[%emt 00:02:22]} 18. Rf1 {[%clk
01:07:51]} {[%emt 00:04:11]} f6 {[%clk 01:02:22]} {[%emt 00:07:26]} 19. Qg4
{[%clk 01:01:44]} {[%emt 00:06:36]} Rae8 {[%clk 00:59:55]} {[%emt 00:02:58]}
20. Bd2 {[%clk 00:53:59]} {[%emt 00:08:15]} fxe5 {[%clk 00:57:40]} {[%emt
00:02:45]} 21. fxe5 {[%clk 00:53:59]} {[%emt 00:00:30]} Rxf1+ {[%clk 00:57:04]}
{[%emt 00:01:06]} 22. Rxf1 {[%clk 00:54:18]} {[%emt 00:00:11]} Nxe5 {[%clk
00:56:43]} {[%emt 00:00:52]} 23. Qg3 {[%clk 00:54:02]} {[%emt 00:00:46]} Qc8
{[%clk 00:54:42]} {[%emt 00:02:30]} 24. Qe3 {[%clk 00:46:35]} {[%emt 00:07:57]}
d4 {[%clk 00:53:22]} {[%emt 00:01:51]} 25. Qe2 {[%clk 00:44:47]} {[%emt
00:02:17]} dxc3 {[%clk 00:48:10]} {[%emt 00:05:42]} 26. Bxc3 {[%clk 00:45:05]}
{[%emt 00:00:12]} Nxd3 {[%clk 00:47:58]} {[%emt 00:00:42]} 27. Bxg7 {[%clk
00:44:29]} {[%emt 00:01:07]} Kxg7 {[%clk 00:48:18]} {[%emt 00:00:10]} 28. Qxd3
{[%clk 00:44:47]} {[%emt 00:00:11]} Rf8 {[%clk 00:47:59]} {[%emt 00:00:50]} 29.
Rxf8 {[%clk 00:45:02]} {[%emt 00:00:14]} Qxf8 {[%clk 00:47:54]} {[%emt
00:00:36]} 30. Qd7+ {[%clk 00:44:48]} {[%emt 00:00:43]} Qf7 {[%clk 00:48:05]}
{[%emt 00:00:20]} 31. Qxf7+ {[%clk 00:44:37]} {[%emt 00:00:41]} Kxf7 {[%clk
00:48:32]} {[%emt 00:00:04]} 32. Kg1 {[%clk 00:44:43]} {[%emt 00:00:23]} Kf6
{[%clk 00:48:22]} {[%emt 00:00:40]} 33. Kf2 {[%clk 00:44:59]} {[%emt 00:00:14]}
Ke5 {[%clk 00:48:35]} {[%emt 00:00:16]} 34. g3 {[%clk 00:45:12]} {[%emt
00:00:18]} Kd4 {[%clk 00:48:42]} {[%emt 00:00:23]} 35. Ke2 {[%clk 00:45:22]}
{[%emt 00:00:20]} Kc3 {[%clk 00:49:05]} {[%emt 00:00:07]} 36. Kd1 {[%clk
00:45:33]} {[%emt 00:00:18]} e5 {[%clk 00:49:10]} {[%emt 00:00:25]} 37. a4
{[%clk 00:45:43]} {[%emt 00:00:20]} e4 {[%clk 00:49:26]} {[%emt 00:00:14]} 38.
h4 {[%clk 00:45:56]} {[%emt 00:00:17]} h5 {[%clk 00:48:52]} {[%emt 00:01:04]}
39. a5 {[%clk 00:44:53]} {[%emt 00:01:33]} Bd5 {[%clk 00:48:53]} {[%emt
00:00:30]} 40. Kc1 {[%clk 00:44:23]} {[%emt 00:01:00]} e3 {[%clk 00:49:18]}
{[%emt 00:00:04]} 41. Kd1 {[%clk 00:44:47]} {[%emt 00:00:06]} Bf3+ {[%clk
00:49:40]} {[%emt 00:00:09]} 42. Ke1 {[%clk 00:45:10]} {[%emt 00:00:07]} Kxc2
{[%clk 00:50:01]} {[%emt 00:00:09]} 43. b4 {[%clk 00:45:19]} {[%emt 00:00:21]}
cxb4 {[%clk 00:50:25]} {[%emt 00:00:06]} 44. g4 {[%clk 00:45:35]} {[%emt
00:00:14]} b3 {[%clk 00:50:32]} {[%emt 00:00:23]} 45. Kf1 {[%clk 00:45:51]}
{[%emt 00:00:14]} b2 {[%clk 00:50:46]} {[%emt 00:00:16]} 46. Kg1 {[%clk
00:46:06]} {[%emt 00:00:16]} b1=Q+ {[%clk 00:51:08]} {[%emt 00:00:07]} 47. Kh2
{[%clk 00:46:26]} {[%emt 00:00:10]} Qe1 {[%clk 00:50:21]} {[%emt 00:01:12]} 48.
Kh3 {[%clk 00:46:22]} {[%emt 00:00:39]} Qf2 {[%clk 00:50:21]} {[%emt 00:00:30]}
49. gxh5 {[%clk 00:46:37]} {[%emt 00:00:15]} Qg2+ {[%clk 00:50:18]} {[%emt
00:00:03]} 0-1

[Event "DVM U12w 2024"]
[Site "Bad Homburg GER"]
[Date "2024.12.30"]
[Round "7"]
[White "Albrecht, Sidney Jenna"]
[Black "Ramien, Eva"]
[Result "1/2-1/2"]
[Termination "normal"]
[Board "4.2"]
[WhiteElo "1483"]
[BlackElo "1542"]
[WhiteClock "00:17:51"]
[BlackClock "00:08:30"]
[WhiteTeam "SV Empor Erfurt"]
[BlackTeam "SG Porz"]
[PlyCount "101"]
[WhiteFideId "34660283"]
[BlackFideId "16275390"]
[EventCountry "GER"]
[EventRounds "7"]
[EventType "team-swiss"]
[EventDate "2024.12.26"]

1. c4 {[%clk 01:30:58]} {[%emt 00:00:01]} e5 {[%clk 01:30:55]} {[%emt
00:00:06]} 2. Nc3 {[%clk 01:31:22]} {[%emt 00:00:06]} Nf6 {[%clk 01:31:17]}
{[%emt 00:00:09]} 3. Nf3 {[%clk 01:31:45]} {[%emt 00:00:07]} Nc6 {[%clk
01:31:41]} {[%emt 00:00:06]} 4. g3 {[%clk 01:32:07]} {[%emt 00:00:08]} Bb4
{[%clk 01:32:08]} {[%emt 00:00:05]} 5. Bg2 {[%clk 01:32:23]} {[%emt 00:00:13]}
Bxc3 {[%clk 01:32:32]} {[%emt 00:00:06]} 6. bxc3 {[%clk 01:32:43]} {[%emt
00:00:09]} O-O {[%clk 01:32:52]} {[%emt 00:00:10]} 7. O-O {[%clk 01:32:30]}
{[%emt 00:00:43]} Re8 {[%clk 01:33:17]} {[%emt 00:00:06]} 8. d3 {[%clk
01:32:45]} {[%emt 00:00:15]} e4 {[%clk 01:33:41]} {[%emt 00:00:07]} 9. Ng5
{[%clk 01:27:45]} {[%emt 00:05:30]} exd3 {[%clk 01:31:35]} {[%emt 00:02:36]}
10. exd3 {[%clk 01:27:42]} {[%emt 00:00:33]} h6 {[%clk 01:31:41]} {[%emt
00:00:24]} 11. Nf3 {[%clk 01:27:23]} {[%emt 00:00:48]} d6 {[%clk 01:31:06]}
{[%emt 00:01:05]} 12. Rb1 {[%clk 01:26:25]} {[%emt 00:01:28]} Rb8 {[%clk
01:31:25]} {[%emt 00:00:12]} 13. h3 {[%clk 01:23:59]} {[%emt 00:02:55]} Bf5
{[%clk 01:30:47]} {[%emt 00:01:06]} 14. Be3 {[%clk 01:20:20]} {[%emt 00:04:11]}
a6 {[%clk 01:30:53]} {[%emt 00:00:26]} 15. Qd2 {[%clk 01:16:27]} {[%emt
00:04:21]} Kh7 {[%clk 01:30:49]} {[%emt 00:00:34]} 16. Rb2 {[%clk 01:14:03]}
{[%emt 00:02:55]} Qc8 {[%clk 01:30:04]} {[%emt 00:01:15]} 17. Kh2 {[%clk
01:10:37]} {[%emt 00:03:55]} Ne5 {[%clk 01:18:40]} {[%emt 00:11:54]} 18. Nxe5
{[%clk 01:09:28]} {[%emt 00:01:39]} Rxe5 {[%clk 01:18:50]} {[%emt 00:00:21]}
19. Ba7 {[%clk 01:05:27]} {[%emt 00:04:31]} Bxh3 {[%clk 00:53:47]} {[%emt
00:25:32]} 20. Bxb8 {[%clk 01:00:56]} {[%emt 00:05:01]} Ng4+ {[%clk 00:42:44]}
{[%emt 00:11:32]} 21. Kg1 {[%clk 01:00:06]} {[%emt 00:01:21]} Bxg2 {[%clk
00:34:37]} {[%emt 00:08:38]} 22. Kxg2 {[%clk 01:00:01]} {[%emt 00:00:34]} Qxb8
{[%clk 00:31:43]} {[%emt 00:03:25]} 23. Re1 {[%clk 00:54:36]} {[%emt 00:05:54]}
Rh5 {[%clk 00:29:40]} {[%emt 00:02:28]} 24. Qf4 {[%clk 00:50:07]} {[%emt
00:05:04]} Nf6 {[%clk 00:28:13]} {[%emt 00:01:57]} 25. Rh1 {[%clk 00:48:31]}
{[%emt 00:02:05]} Rxh1 {[%clk 00:26:46]} {[%emt 00:01:58]} 26. Kxh1 {[%clk
00:48:49]} {[%emt 00:00:11]} b6 {[%clk 00:26:51]} {[%emt 00:00:26]} 27. Qf5+
{[%emt 00:04:37]} Kg8 {[%clk 00:25:17]} {[%emt 00:00:11]} 28. Re2 {[%clk
00:44:08]} {[%emt 00:02:56]} Qa8+ {[%clk 00:25:10]} {[%emt 00:00:36]} 29. Kg1
{[%clk 00:43:55]} {[%emt 00:00:43]} Qd8 {[%clk 00:25:24]} {[%emt 00:00:16]} 30.
Re1 {[%clk 00:38:57]} {[%emt 00:05:27]} Kf8 {[%clk 00:25:39]} {[%emt 00:00:16]}
31. g4 {[%clk 00:37:16]} {[%emt 00:02:10]} Qd7 {[%clk 00:25:21]} {[%emt
00:00:49]} 32. Qxd7 {[%clk 00:37:09]} {[%emt 00:00:37]} Nxd7 {[%clk 00:25:49]}
{[%emt 00:00:03]} 33. Rb1 {[%clk 00:34:27]} {[%emt 00:03:11]} Ne5 {[%clk
00:25:47]} {[%emt 00:00:33]} 34. d4 {[%clk 00:33:30]} {[%emt 00:01:27]} Nxc4
{[%clk 00:24:37]} {[%emt 00:01:40]} 35. Kg2 {[%clk 00:32:02]} {[%emt 00:01:58]}
Na3 {[%clk 00:22:58]} {[%emt 00:02:10]} 36. Rb4 {[%clk 00:29:23]} {[%emt
00:03:08]} Nb5 {[%clk 00:22:45]} {[%emt 00:00:43]} 37. Ra4 {[%clk 00:28:25]}
{[%emt 00:01:29]} a5 {[%clk 00:22:21]} {[%emt 00:00:54]} 38. Rc4 {[%clk
00:27:01]} {[%emt 00:01:53]} d5 {[%clk 00:21:29]} {[%emt 00:01:22]} 39. Rc6
{[%clk 00:25:41]} {[%emt 00:01:51]} Ke8 {[%clk 00:19:58]} {[%emt 00:02:01]} 40.
a4 {[%clk 00:25:01]} {[%emt 00:01:10]} Nd6 {[%clk 00:17:39]} {[%emt 00:02:40]}
41. Rxc7 {[%clk 00:24:24]} {[%emt 00:01:16]} Nc4 {[%clk 00:17:28]} {[%emt
00:00:41]} 42. Rb7 {[%clk 00:23:14]} {[%emt 00:01:39]} Nb2 {[%clk 00:14:44]}
{[%emt 00:03:14]} 43. Rxb6 {[%clk 00:22:36]} {[%emt 00:01:07]} Nxa4 {[%clk
00:15:07]} {[%emt 00:00:07]} 44. Rb5 {[%clk 00:22:30]} {[%emt 00:00:37]} Nxc3
{[%clk 00:13:45]} {[%emt 00:01:52]} 45. Rxa5 {[%clk 00:22:43]} {[%emt
00:00:18]} Ke7 {[%clk 00:12:57]} {[%emt 00:01:19]} 46. Rc5 {[%clk 00:22:22]}
{[%emt 00:00:51]} Ne4 {[%clk 00:13:10]} {[%emt 00:00:17]} 47. Rxd5 {[%clk
00:22:29]} {[%emt 00:00:23]} Nf6 {[%clk 00:13:29]} {[%emt 00:00:10]} 48. Re5+
{[%clk 00:22:26]} {[%emt 00:00:35]} Kd6 {[%clk 00:11:31]} {[%emt 00:02:28]} 49.
g5 {[%clk 00:20:12]} {[%emt 00:02:44]} hxg5 {[%clk 00:08:27]} {[%emt 00:03:35]}
50. Rxg5 {[%clk 00:20:25]} {[%emt 00:00:16]} g6 {[%clk 00:08:30]} {[%emt
00:00:27]} 51. Re5 {[%clk 00:17:51]} {[%emt 00:03:04]} *

[Event "DVM U12w 2024"]
[Site "Bad Homburg GER"]
[Date "2024.12.30"]
[Round "7"]
[White "Slowik, Anna"]
[Black "Weißleder, Emia"]
[Result "1-0"]
[Termination "normal"]
[Board "4.3"]
[WhiteElo "1103"]
[BlackElo "1118"]
[WhiteClock "00:56:58"]
[BlackClock "01:09:59"]
[WhiteTeam "SG Porz"]
[BlackTeam "SV Empor Erfurt"]
[PlyCount "67"]
[WhiteFideId "34630341"]
[BlackFideId "34682627"]
[EventCountry "GER"]
[EventRounds "7"]
[EventType "team-swiss"]
[EventDate "2024.12.26"]

1. e4 {[%clk 01:30:58]} {[%emt 00:00:01]} e5 {[%clk 01:30:54]} {[%emt
00:00:08]} 2. Nf3 {[%clk 01:31:21]} {[%emt 00:00:06]} Nc6 {[%clk 01:31:17]}
{[%emt 00:00:07]} 3. Bc4 {[%clk 01:31:42]} {[%emt 00:00:08]} Bc5 {[%clk
01:31:38]} {[%emt 00:00:09]} 4. O-O {[%clk 01:32:01]} {[%emt 00:00:11]} Nf6
{[%clk 01:32:01]} {[%emt 00:00:07]} 5. d4 {[%clk 01:32:21]} {[%emt 00:00:10]}
Bxd4 {[%clk 01:31:01]} {[%emt 00:01:30]} 6. Nxd4 {[%clk 01:32:21]} {[%emt
00:00:30]} Nxd4 {[%clk 01:31:10]} {[%emt 00:00:23]} 7. Bg5 {[%clk 01:32:35]}
{[%emt 00:00:15]} h6 {[%clk 01:30:11]} {[%emt 00:01:30]} 8. f4 {[%clk
01:32:30]} {[%emt 00:00:34]} hxg5 {[%clk 01:27:21]} {[%emt 00:03:20]} 9. fxe5
{[%clk 01:32:49]} {[%emt 00:00:11]} Nxe4 {[%clk 01:26:05]} {[%emt 00:01:46]}
10. Bxf7+ {[%clk 01:31:19]} {[%emt 00:02:00]} Ke7 {[%clk 01:24:38]} {[%emt
00:01:58]} 11. Qxd4 {[%clk 01:31:30]} {[%emt 00:00:18]} Rh4 {[%clk 01:23:55]}
{[%emt 00:01:14]} 12. Bd5 {[%clk 01:30:04]} {[%emt 00:01:55]} Ng3 {[%clk
01:22:47]} {[%emt 00:01:38]} 13. Rf7+ {[%clk 01:30:16]} {[%emt 00:00:17]} Ke8
{[%clk 01:22:32]} {[%emt 00:00:46]} 14. Qf2 {[%clk 01:29:41]} {[%emt 00:01:05]}
Rh8 {[%clk 01:20:53]} {[%emt 00:02:10]} 15. Rxg7 {[%clk 01:27:59]} {[%emt
00:02:11]} Rf8 {[%clk 01:19:46]} {[%emt 00:01:37]} 16. Rg8 {[%clk 01:26:47]}
{[%emt 00:01:42]} Qe7 {[%clk 01:19:22]} {[%emt 00:00:53]} 17. hxg3 {[%clk
01:25:40]} {[%emt 00:01:38]} Rxg8 {[%clk 01:18:37]} {[%emt 00:01:15]} 18. Bxg8
{[%clk 01:25:54]} {[%emt 00:00:15]} d6 {[%clk 01:16:28]} {[%emt 00:02:39]} 19.
exd6 {[%clk 01:23:23]} {[%emt 00:03:01]} cxd6 {[%clk 01:16:18]} {[%emt
00:00:40]} 20. Nc3 {[%emt 00:01:57]} Qg7 {[%clk 01:15:34]} 21. Re1+ {[%clk
01:22:13]} {[%emt 00:01:26]} Kd8 {[%clk 01:15:20]} {[%emt 00:00:44]} 22. Qe3
{[%clk 01:21:53]} {[%emt 00:00:50]} Qf8 {[%clk 01:14:58]} {[%emt 00:00:53]} 23.
Qxg5+ {[%clk 01:20:27]} {[%emt 00:01:54]} Kc7 {[%clk 01:14:44]} {[%emt
00:00:46]} 24. Nb5+ {[%clk 01:19:24]} {[%emt 00:01:32]} Kb6 {[%clk 01:14:43]}
{[%emt 00:00:31]} 25. Rd1 {[%clk 01:14:31]} {[%emt 00:05:21]} Bd7 {[%clk
01:14:29]} {[%emt 00:00:46]} 26. Rxd6+ {[%clk 01:13:26]} {[%emt 00:01:35]} Bc6
{[%clk 01:14:39]} {[%emt 00:00:21]} 27. Rg6 {[%clk 01:08:59]} {[%emt 00:04:56]}
Qb4 {[%clk 01:13:53]} {[%emt 00:01:16]} 28. Nd6 {[%clk 01:08:09]} {[%emt
00:01:20]} a5 {[%clk 01:10:18]} {[%emt 00:04:06]} 29. Nc4+ {[%clk 01:00:26]}
{[%emt 00:08:11]} Ka7 {[%clk 01:09:38]} {[%emt 00:01:10]} 30. Nxa5 {[%clk
00:58:49]} {[%emt 00:02:07]} Qe4 {[%clk 01:09:11]} {[%emt 00:00:59]} 31. Nxc6+
{[%clk 00:58:20]} {[%emt 00:00:59]} bxc6 {[%clk 01:09:26]} {[%emt 00:00:16]}
32. Qa5+ {[%clk 00:57:04]} {[%emt 00:01:45]} Kb7 {[%clk 01:09:40]} {[%emt
00:00:17]} 33. Rg7+ {[%clk 00:57:11]} {[%emt 00:00:22]} Kb8 {[%clk 01:09:59]}
{[%emt 00:00:11]} 34. Qd8# {[%clk 00:56:58]} {[%emt 00:00:11]} 1-0

[Event "DVM U12w 2024"]
[Site "Bad Homburg GER"]
[Date "2024.12.30"]
[Round "7"]
[White "Rempel, Katharina"]
[Black "Scharfenberg, Leah"]
[Result "0-1"]
[Termination "normal"]
[Board "4.4"]
[WhiteElo "851"]
[BlackElo "1087"]
[WhiteClock "01:23:29"]
[BlackClock "01:16:37"]
[WhiteTeam "SV Empor Erfurt"]
[BlackTeam "SG Porz"]
[PlyCount "36"]
[WhiteFideId "34682643"]
[BlackFideId "34682562"]
[EventCountry "GER"]
[EventRounds "7"]
[EventType "team-swiss"]
[EventDate "2024.12.26"]

1. d4 {[%clk 01:30:58]} {[%emt 00:00:01]} d5 {[%clk 01:30:54]} {[%emt
00:00:07]} 2. Nc3 {[%clk 01:31:22]} {[%emt 00:00:05]} Nf6 {[%clk 01:31:14]}
{[%emt 00:00:09]} 3. Bf4 {[%clk 01:31:44]} {[%emt 00:00:08]} g6 {[%clk
01:31:12]} {[%emt 00:00:33]} 4. f3 {[%clk 01:32:06]} {[%emt 00:00:07]} Bg7
{[%clk 01:31:27]} {[%emt 00:00:15]} 5. g4 {[%clk 01:32:29]} {[%emt 00:00:07]}
O-O {[%clk 01:31:33]} {[%emt 00:00:25]} 6. h4 {[%clk 01:32:53]} {[%emt
00:00:06]} h5 {[%clk 01:31:51]} {[%emt 00:00:12]} 7. gxh5 {[%clk 01:32:51]}
{[%emt 00:00:32]} Nxh5 {[%clk 01:32:08]} {[%emt 00:00:14]} 8. e3 {[%clk
01:32:56]} {[%emt 00:00:24]} Nxf4 {[%clk 01:31:54]} {[%emt 00:00:45]} 9. exf4
{[%clk 01:33:10]} {[%emt 00:00:15]} Re8 {[%clk 01:30:48]} {[%emt 00:01:37]} 10.
Qd2 {[%clk 01:33:29]} {[%emt 00:00:10]} c6 {[%clk 01:24:50]} {[%emt 00:06:28]}
11. O-O-O {[%clk 01:33:00]} {[%emt 00:00:58]} Qa5 {[%clk 01:21:06]} {[%emt
00:04:13]} 12. h5 {[%clk 01:29:28]} {[%emt 00:04:03]} Nd7 {[%clk 01:18:58]}
{[%emt 00:02:39]} 13. Bd3 {[%clk 01:28:00]} {[%emt 00:01:55]} Nb6 {[%clk
01:17:01]} {[%emt 00:02:31]} 14. hxg6 {[%clk 01:28:02]} {[%emt 00:00:27]} fxg6
{[%clk 01:17:09]} {[%emt 00:00:23]} 15. Bxg6 {[%clk 01:28:10]} {[%emt
00:00:22]} Nc4 {[%clk 01:17:13]} {[%emt 00:00:27]} 16. Qe2 {[%clk 01:27:23]}
{[%emt 00:01:13]} Qb4 {[%clk 01:16:20]} {[%emt 00:01:25]} 17. b3 {[%clk
01:25:02]} {[%emt 00:02:48]} Qa3+ {[%clk 01:16:26]} {[%emt 00:00:29]} 18. Kb1
{[%clk 01:23:29]} {[%emt 00:02:02]} Qb2# {[%clk 01:16:37]} {[%emt 00:00:20]}
0-1

[Event "DVM U12w 2024"]
[Site "Bad Homburg GER"]
[Date "2024.12.30"]
[Round "7"]
[White "Fruth, Julia"]
[Black "Mersmann, Jasmin"]
[Result "1-0"]
[Termination "normal"]
[Board "5.1"]
[WhiteElo "1614"]
[BlackElo "1527"]
[WhiteClock "00:37:20"]
[BlackClock "00:08:27"]
[WhiteTeam "USV TU Dresden"]
[BlackTeam "Karlsruher SF 1853"]
[PlyCount "69"]
[WhiteFideId "34603050"]
[BlackFideId "34630287"]
[EventCountry "GER"]
[EventRounds "7"]
[EventType "team-swiss"]
[EventDate "2024.12.26"]

1. e4 {[%clk 01:30:57]} {[%emt 00:00:02]} e5 {[%clk 01:30:58]} {[%emt
00:00:03]} 2. Nf3 {[%clk 01:31:18]} {[%emt 00:00:09]} Nc6 {[%clk 01:31:21]}
{[%emt 00:00:07]} 3. d4 {[%clk 01:31:39]} {[%emt 00:00:09]} exd4 {[%clk
01:31:43]} {[%emt 00:00:08]} 4. Nxd4 {[%clk 01:32:01]} {[%emt 00:00:07]} Bc5
{[%clk 01:32:01]} {[%emt 00:00:13]} 5. Nf5 {[%clk 01:32:20]} {[%emt 00:00:11]}
Qf6 {[%clk 01:32:08]} {[%emt 00:00:23]} 6. Nc3 {[%clk 01:32:40]} {[%emt
00:00:10]} Nge7 {[%clk 01:31:44]} {[%emt 00:00:54]} 7. Ne3 {[%clk 01:32:51]}
{[%emt 00:00:19]} Qh4 {[%clk 01:31:40]} {[%emt 00:00:34]} 8. Be2 {[%clk
01:29:00]} {[%emt 00:04:21]} d6 {[%clk 01:27:47]} {[%emt 00:04:24]} 9. O-O
{[%clk 01:27:36]} {[%emt 00:01:53]} Be6 {[%clk 01:26:05]} {[%emt 00:02:13]} 10.
Ned5 {[%clk 01:24:32]} {[%emt 00:03:33]} Bxd5 {[%clk 01:25:41]} {[%emt
00:00:54]} 11. exd5 {[%clk 01:22:10]} {[%emt 00:02:52]} Ne5 {[%clk 01:21:04]}
{[%emt 00:05:06]} 12. Bb5+ {[%clk 01:20:33]} {[%emt 00:02:07]} Nd7 {[%clk
01:18:04]} {[%emt 00:03:31]} 13. Qf3 {[%clk 01:16:23]} {[%emt 00:04:40]} c6
{[%clk 00:48:11]} {[%emt 00:30:23]} 14. dxc6 {[%clk 01:14:07]} {[%emt
00:02:46]} bxc6 {[%clk 00:41:00]} {[%emt 00:07:41]} 15. Bxc6 {[%clk 01:13:40]}
{[%emt 00:00:55]} Rc8 {[%clk 00:32:39]} {[%emt 00:08:47]} 16. Bxd7+ {[%clk
01:06:12]} {[%emt 00:08:04]} Kxd7 {[%clk 00:32:51]} {[%emt 00:00:17]} 17. Re1
{[%clk 01:03:54]} {[%emt 00:02:48]} Rhf8 {[%clk 00:25:14]} {[%emt 00:08:08]}
18. Qb7+ {[%clk 00:55:45]} {[%emt 00:08:38]} Rc7 {[%clk 00:24:04]} {[%emt
00:01:41]} 19. Rxe7+ {[%clk 00:51:50]} {[%emt 00:04:24]} Qxe7 {[%clk 00:23:54]}
{[%emt 00:00:40]} 20. Qxc7+ {[%clk 00:52:10]} {[%emt 00:00:10]} Kxc7 {[%clk
00:24:02]} {[%emt 00:00:23]} 21. Nd5+ {[%clk 00:52:33]} {[%emt 00:00:06]} Kd7
{[%clk 00:24:14]} {[%emt 00:00:17]} 22. Nxe7 {[%clk 00:52:53]} {[%emt
00:00:11]} Kxe7 {[%clk 00:24:39]} {[%emt 00:00:05]} 23. Bf4 {[%clk 00:50:49]}
{[%emt 00:02:33]} Kd7 {[%clk 00:24:49]} {[%emt 00:00:20]} 24. Rd1 {[%clk
00:50:37]} {[%emt 00:00:42]} Re8 {[%clk 00:24:34]} {[%emt 00:00:46]} 25. Kf1
{[%clk 00:50:18]} {[%emt 00:00:49]} Re6 {[%clk 00:22:15]} {[%emt 00:02:49]} 26.
Rd3 {[%clk 00:46:11]} {[%emt 00:04:33]} Kc6 {[%clk 00:19:32]} {[%emt 00:03:17]}
27. a3 {[%clk 00:44:03]} {[%emt 00:02:36]} a5 {[%clk 00:19:01]} {[%emt
00:01:03]} 28. Bd2 {[%clk 00:41:48]} {[%emt 00:02:43]} Kb5 {[%clk 00:17:57]}
{[%emt 00:01:36]} 29. Be3 {[%clk 00:40:06]} {[%emt 00:02:11]} Bxe3 {[%clk
00:11:59]} {[%emt 00:06:28]} 30. Rxe3 {[%clk 00:40:23]} {[%emt 00:00:14]} Rf6
{[%clk 00:11:29]} {[%emt 00:00:59]} 31. Ke2 {[%clk 00:39:18]} {[%emt 00:01:34]}
d5 {[%clk 00:08:16]} {[%emt 00:03:44]} 32. Rf3 {[%clk 00:37:48]} {[%emt
00:01:59]} Rc6 {[%clk 00:08:05]} {[%emt 00:00:42]} 33. Rxf7 {[%clk 00:36:48]}
{[%emt 00:01:30]} Rxc2+ {[%clk 00:08:19]} {[%emt 00:00:17]} 34. Kd3 {[%clk
00:36:56]} {[%emt 00:00:20]} Rxb2 {[%clk 00:08:27]} {[%emt 00:00:23]} 35. Rb7+
{[%clk 00:37:20]} {[%emt 00:00:09]} 1-0